000 00989nas a2200301 4500
001 BR0400618
003 BR-BrBNA
005 20231205104315.0
007 ta
008 230509b bl.|||p| |||| 00| 00por d
040 _aBR-BrBNA
_bpor
_cBiblioteca Nacional de Agricultura
041 _a(Pt)
072 _aF06; F30
100 1 _aOliveira, M.D.X. de
100 1 _aBazoni, R.
100 1 _aCosta, C.A.
100 1 _aFernandes, A.T.F.
100 1 _aCastro, E. da M. de
245 1 _aSeleção de genótipos de arroz sob irrigação por aspersão, para o Estado de Mato Grosso do Sul: Ano Agrícola 1998/99
650 _aARROZ
650 _aIRRIGAÇÃO POR ASPERSÃO
650 _aVARIEDADE
650 _aLINHAGEM
650 _aMATO GROSSO DO SUL
773 0 _tEnsaios e Ciências. Série Ciências Biológicas, Agrárias e da Saúde (Brazil)
_xISSN 1415-6938
_g(Aug 1999), v. 3(2) p. 163-173
_wBR0400618
909 _a202311
_bLúcia
_c55
_dLúcia Elande
942 _2AGRIS
_n0
_cANA
999 _c177463
_d177463